Densificabilidad : (Registro nro. 7516)

Detalles MARC
000 -CABECERA
Campo de control interno 01903nam a2200241Ia 4500
008 - ELEMENTOS DE LONGITUD FIJA - INFORMACIÓN GENERAL
Campo de control de longitud fija 260220t2015||||xx |||||||||||||| ||spa||
040 ## - FUENTE DE CATALOGACIÓN
Agencia de catalogación original PY-SlUNAC
Idioma de catalogación spa
Convenciones de descripción rda
041 ## - CÓDIGO DE IDIOMA
Código de idioma para texto/pista de sonido o título separado spa
082 ## - NÚMERO DE CLASIFICACIÓN DECIMAL DEWEY
Clasificación Decimal Dewey (CDD) 514
Clasificación Expansiva de Cutter (EC) R249d
100 ## - ASIENTO PRINCIPAL - NOMBRE PERSONAL
Nombre personal Redtwitz, Dennis Alexander
Rol del autor Autor
245 #0 - TÍTULO
Título Densificabilidad :
Subtítulo caracterizaciones, extensiones y aplicaciones /
Mención de responsabilidad por Dennis Alexander Redtwitz [Autor]
264 ## - PIE DE IMPRENTA
Lugar Alicante :
Editorial Universidad de Alicante,
Año ℗2015.
300 ## - DESCRIPCIÓN FÍSICA
Páginas 1 volumen
520 ## - NOTA DE RESUMEN
Nota de resumen "Densificabilidad: caracterizaciones, extensiones y aplicaciones" de Dennis Alexander Redtwitz es una obra que aborda el concepto de densificabilidad en contextos diversos, explorando sus características fundamentales y las implicaciones de su aplicación en diferentes campos. A lo largo del libro, el autor presenta un marco teórico que define la densificabilidad, analizando cómo este concepto puede extenderse y aplicarse en áreas como la ingeniería, la arquitectura y el urbanismo. Redtwitz también discute ejemplos prácticos que ilustran la relevancia de la densificabilidad en el desarrollo sostenible y la optimización de recursos, así como su papel en la planificación urbana eficiente. La obra se destaca por su enfoque interdisciplinario y su contribución a la comprensión de cómo la densidad y la organización del espacio influyen en la funcionalidad y habitabilidad de entornos urbanos. En conjunto, el texto proporciona herramientas conceptuales y prácticas para profesionales y académicos interesados en mejorar la calidad de vida en contextos urbanos mediante la aplicación de principios de densificabilidad.
653 ## - MATERIA - TÉRMINO TEMÁTICO NO CONTROLADO (PALABRAS CLAVE)
Materia - término temático no controlado (palabras clave) Aplicaciones tecnológicas
653 ## - MATERIA - TÉRMINO TEMÁTICO NO CONTROLADO (PALABRAS CLAVE)
Materia - término temático no controlado (palabras clave) Densificación
653 ## - MATERIA - TÉRMINO TEMÁTICO NO CONTROLADO (PALABRAS CLAVE)
Materia - término temático no controlado (palabras clave) Propiedades físicas
942 ## - ELEMENTOS PERSONALIZADOS (KOHA)
Fecha catalogación 2026/02/17
Tipo de documento Libros
Existencias
Fuente de Clasificacion Colección Ubicacion permanente Biblioteca actual Fecha de Ingreso a la Biblioteca Origen de adquisición Código de ubicación Código de barras Tipo de Item KOHA Nota pública
Dewey Decimal Classification Colección General (CG) Biblioteca e Internet, Facultad de Ciencias Exactas y Naturales Biblioteca e Internet, Facultad de Ciencias Exactas y Naturales 02/20/2026 Donación 514 R249d CG876 Libros Material disponible en la Biblioteca e Intenet, Campus UNA, San Lorenzo.